Introduction to Indian Art: (Record no. 39083)
[ view plain ]
| 000 -LEADER | |
|---|---|
| fixed length control field | 01025nam a22001697a 4500 |
| 020 ## - INTERNATIONAL STANDARD BOOK NUMBER | |
| ISBN | 9788119139071 |
| 082 ## - DEWEY DECIMAL CLASSIFICATION NUMBER | |
| Classification number | 709.54 |
| Item number | COO-I |
| 100 ## - MAIN ENTRY--AUTHOR NAME | |
| Personal name | Coomaraswamy, Ananda K. |
| Relator term | author. |
| 245 ## - TITLE STATEMENT | |
| Title | Introduction to Indian Art: |
| Statement of responsibility, etc | Ananda K. Coomaraswamy |
| 260 ## - PUBLICATION, DISTRIBUTION, ETC. (IMPRINT) | |
| Place of publication | New Delhi : |
| Name of publisher | Munshiram Manoharlal Publishers, |
| Year of publication | 2023 |
| 300 ## - PHYSICAL DESCRIPTION | |
| Number of Pages | 116p. |
| Other physical details | white black illustrations, Index |
| 520 ## - SUMMARY, ETC. | |
| Summary, etc | Coomaraswamy's Introduction to Indian Art traverses the historic panorama of Indian art, from its Indo-Sumerian and Vedic-Mound beginnings to the various peaks reached during the Maurya, Sunga, Andhra, Kusana and Gupta periods and beyond the seas to further India and Indonesia. It is a handbook of immense value both to the beginner and scholar alike.<br/>This present reprint, appearing after more than half a century, has been ably edited by Mrs. Coomaraswamy and incorporates new material earmarked for the book by Coomaraswamy himself. |
| 546 ## - LANGUAGE NOTE | |
| Language note | English |
| 650 ## - SUBJECT ADDED ENTRY--TOPICAL TERM | |
| Topical Term | Art |
| General subdivision | History |
| Geographic subdivision | india |
| 650 ## - SUBJECT ADDED ENTRY--TOPICAL TERM | |
| Topical Term | Indian Art |
| 942 ## - ADDED ENTRY ELEMENTS (KOHA) | |
| Source of classification or shelving scheme | Dewey Decimal Classification |
| Koha item type | Books |
| Withdrawn status | Lost status | Damaged status | Not for loan | Home library | Current library | Date acquired | Source of acquisition | Cost, normal purchase price | Full call number | Accession Number | Cost, replacement price | Price effective from | Koha item type |
|---|---|---|---|---|---|---|---|---|---|---|---|---|---|
| NASSDOC Library | NASSDOC Library | 21/03/2024 | Rajasthani Granthagar | 324.90 | 709.54 COO-I | 54085 | 450.00 | 18/03/2024 | Books |
